00186nam a2200073Ia 4500008004100000245002000041260004200061260000900103170620s9999 xx 000 0 und d 0aChild Education bNew Delhi- Discovery Publishing House c2006